| 000 | 00597nam a22001337a 4500 | ||
|---|---|---|---|
| 040 | _cRUA | ||
| 082 | _aAGR VUT 2013 B057 Or.1 | ||
| 100 | _aVUTHY, NIMOL. | ||
| 245 | _aStudy on degree of golden apple snail damage on five rice variety, ការសិក្សាពីកំរិតនៃការបំផ្លាញខ្យងមាសស៊ីស្រូវលើពូជស្រូវទាំង៥ | ||
| 260 |
_aPhnom Penh _bRUA _cill. |
||
| 300 |
_axiii; 59p. _bill. _c29cm. |
||
| 856 | _uhttps://drive.google.com/file/d/1yuN0qPAPuWDzWX5IkP7n2OHUqDHasba8/view?usp=sharing | ||
| 942 | _cAGR | ||
| 999 |
_c1317 _d1317 |
||